Starters Pokémon (Série Principale et Spins-off) - Statistiques

Statistiques générales
  • Ce quiz a été pris 70 fois
  • Le résultat moyen est 100 sur 126
Statistiques - réponses
Hint Réponse % Correct
Pokémon Donjon Mystère : Explorateurs de l'Ombre et du Temps Pikachu
100%
Pokémon Let's Go | PokéPark : La Grande Aventure de Pikachu | Pokémon Donjon Mystère : Équipe de Secours Rouge et Bleue | +6 others Pikachu
100%
Pokémon Donjon Mystère : Explorateurs de l'Ombre et du Temps | Pokémon Donjon Mystère : Explorateurs du Ciel | Pokémon Go | +3 others Bulbizarre
98%
Pokémon Donjon Mystère : Équipe de Secours Rouge et Bleue | Pokémon Donjon Mystère : Explorateurs de l'Ombre et du Temps | Pokémon Donjon Mystère : Explorateurs du Ciel | +4 others Carapuce
98%
Pokémon Donjon Mystère : Équipe de Secours Rouge et Bleue Bulbizarre
98%
Pokémon Donjon Mystère : Équipe de Secours Rouge et Bleue | Pokémon Donjon Mystère : Explorateurs de l'Ombre et du Temps | Pokémon Donjon Mystère : Explorateurs du Ciel | +4 others Salamèche
98%
Légendes Pokémon : Arceus | Pokémon Donjon Mystère : Explorateurs de l'Ombre et du Temps | Pokémon Donjon Mystère : Explorateurs du Ciel | +2 others Héricendre
94%
Pokémon Donjon Mystère : Équipe de Secours Rouge et Bleue | Pokémon Donjon Mystère : Explorateurs de l'Ombre et du Temps | Pokémon Donjon Mystère : Explorateurs du Ciel | +2 others Arcko
92%
Pokémon Rubis, Saphir, Émeraude, Rubis Oméga & Saphir Alpha Poussifeu
92%
Pokémon Donjon Mystère : Équipe de Secours Rouge et Bleue | Pokémon Donjon Mystère : Explorateurs de l'Ombre et du Temps | Pokémon Donjon Mystère : Explorateurs du Ciel | +2 others Kaiminus
92%
Pokémon Donjon Mystère : Équipe de Secours Rouge et Bleue | Pokémon Donjon Mystère : Explorateurs de l'Ombre et du Temps | Pokémon Donjon Mystère : Explorateurs du Ciel | Pokémon Méga Donjon Mystère Poussifeu
92%
Pokémon Diamant, Perle, Diamant Étincelant & Perle Scintillante | Pokémon Donjon Mystère : Explorateurs de l'Ombre et du Temps | Pokémon Donjon Mystère : Explorateurs du Ciel | Pokémon Méga Donjon Mystère Tiplouf
92%
Pokémon Diamant, Perle, Diamant Étincelant & Perle Scintillante | Pokémon Donjon Mystère : Explorateurs de l'Ombre et du Temps | Pokémon Donjon Mystère : Explorateurs du Ciel | Pokémon Méga Donjon Mystère Tortipouss
92%
Pokémon Quest Évoli
90%
Pokémon Rubis, Saphir, Émeraude, Rubis Oméga & Saphir Alpha Gobou
90%
Pokémon Donjon Mystère : Équipe de Secours Rouge et Bleue | Pokémon Donjon Mystère : Explorateurs du Ciel | Pokémon Let's Go | Pokémon XD Évoli
90%
Pokémon Donjon Mystère : Équipe de Secours Rouge et Bleue | Pokémon Donjon Mystère : Explorateurs de l'Ombre et du Temps | Pokémon Donjon Mystère : Explorateurs du Ciel | +2 others Germignon
90%
Pokémon Donjon Mystère : Explorateurs de l'Ombre et du Temps | Pokémon Donjon Mystère : Explorateurs du Ciel | Pokémon Donjon Mystère : Équipe de Secours Rouge et Bleue | Pokémon Méga Donjon Mystère Gobou
90%
Pokémon Diamant, Perle, Diamant Étincelant & Perle Scintillante | Pokémon Donjon Mystère : Explorateurs de l'Ombre et du Temps | Pokémon Donjon Mystère : Explorateurs du Ciel | Pokémon Méga Donjon Mystère Ouisticram
90%
Pokémon Méga Donjon Mystère | Pokémon X & Y Grenousse
86%
Pokémon Méga Donjon Mystère | Pokémon Noir, Blanc, Noir 2 & Blanc 2 | Poképark 2 : Le Monde des Voeux Vipélierre
86%
Pokémon Méga Donjon Mystère | Pokémon Noir, Blanc, Noir 2 & Blanc 2 | Poképark 2 : Le Monde des Voeux Gruikui
84%
Pokémon Méga Donjon Mystère | Pokémon X & Y Feunnec
82%
Légendes Pokémon : Arceus | Pokémon Méga Donjon Mystère | Pokémon Noir, Blanc, Noir 2 & Blanc 2 | Poképark 2 : Le Monde des Voeux Moustillon
82%
Légendes Pokémon : Arceus | Pokémon Soleil, Lune, Ultra Soleil & Ultra Lune Brindibou
80%
Pokémon Soleil, Lune, Ultra Soleil & Ultra Lune Flamiaou
74%
Pokémon Épée & Bouclier Larméléon
72%
Pokémon Méga Donjon Mystère | Pokémon X & Y Marisson
72%
Pokémon Soleil, Lune, Ultra Soleil & Ultra Lune Otaquin
68%
Pokémon Épée & Bouclier Flambino
64%
Pokémon Épée & Bouclier Ouistempo
64%
Pokémon Écarlate & Violet Poussacha
62%
Pokémon Écarlate & Violet Chochodile
60%
Pokémon Écarlate & Violet Coiffeton
52%
Pokémon Donjon Mystère : Explorateurs du Ciel | Pokémon Méga Donjon Mystère Riolu
42%
Pokémon Donjon Mystère : Explorateurs de l'Ombre et du Temps | Pokémon Ranger : Nuit sur Almia Goinfrex
40%
Pokémon Donjon Mystère : Explorateurs de l'Ombre et du Temps Miaouss
38%
Pokémon Donjon Mystère : Équipe de Secours Rouge et Bleue Miaouss
38%
Pokémon Colosseum Mentali
36%
Pokémon Colosseum Noctali
36%
Pokémon Ranger : Sillages de Lumière Pichu Kulélé
36%
Pokémon Donjon Mystère : Équipe de Secours Rouge et Bleue Machoc
34%
Pokémon Ranger Négapi
34%
Pokémon Ranger Posipi
34%
Pokémon Donjon Mystère : Explorateurs du Ciel Lixy
30%
Pokémon Donjon Mystère : Explorateurs de l'Ombre et du Temps | Pokémon Donjon Mystère : Explorateurs du Ciel | Pokémon Donjon Mystère : Équipe de Secours Rouge et Bleue Skitty
30%
Pokémon Ranger : Nuit sur Almia Pachirisu
20%
Pokémon Donjon Mystère : Équipe de Secours Rouge et Bleue Psykokwak
20%
Pokémon Donjon Mystère : Explorateurs du Ciel Goupix
18%
Pokémon Donjon Mystère : Équipe de Secours Rouge et Bleue Osselait
18%
Pokémon Ranger : Nuit sur Almia Étourmi
16%
Pokémon Donjon Mystère : Explorateurs du Ciel Phanpy
12%
Aucun quiz correspondant
Distribution des résultats
% des personnes avec chaque résultat
Percentile par nombre de réponses
Votre historique - résultats
Vous n’avez pas pris ce quiz